| 000 | 01154nam a2200313 4500 | ||
|---|---|---|---|
| 001 | 0000012736 | ||
| 003 | CO-CtgCURN | ||
| 005 | 20250331184739.0 | ||
| 007 | ta | ||
| 008 | 160627s1996 000 0 eng d | ||
| 020 | _a9681801342 | ||
| 040 |
_aCO-CtgCURN _bspa _ccoctgcurn |
||
| 082 | 0 |
_a574.5 _bS87f |
|
| 100 | 1 | _aSutton, David B. | |
| 245 | 1 | 0 |
_aFundamentos de ecología / _cDavid B. Sutton , N. Paul Harmon. |
| 260 |
_aMexico : _bEditorial Limusa, _c1996. |
||
| 300 | _a293 p. | ||
| 336 | _2rdacontent | ||
| 337 |
_2rdamedia _asin mediacion _bn |
||
| 338 |
_2rdacarrier _avolumen _bnc |
||
| 500 | _aIncluue Glosario y indice Alfabetico. | ||
| 504 | _aBibliografia (p. 281-283) | ||
| 505 | 8 | _aEcosistemas.--Ecología de las poblaciones.--Ciclos ecologicos.--Energia en los ecosistemas.--Naturaleza de los ecosistemas.--Ciclo del agua.--Poblacion humana.--Ecosistema humano.--Estructura y funcion de los ecosistemas.--Ecosistemas humanos | |
| 650 | 1 | 4 | _aEcología humana. |
| 700 | 1 | _aHarmon, Paul N. | |
| 908 | _a160627 | ||
| 942 |
_cBK _h574.5 _iS87f _2ddc |
||
| 999 |
_c21196 _d21196 |
||